<?xml version="1.0" encoding="UTF-8"?>
<record
    xmlns:xsi="http://www.w3.org/2001/XMLSchema-instance"
    xsi:schemaLocation="http://www.loc.gov/MARC21/slim http://www.loc.gov/standards/marcxml/schema/MARC21slim.xsd"
    xmlns="http://www.loc.gov/MARC21/slim">

  <leader>02363nam0a22003971  4500</leader>
  <controlfield tag="001">v19\rc\2104352</controlfield>
  <controlfield tag="005">20250620050803.0</controlfield>
  <datafield tag="035" ind1=" " ind2=" ">
    <subfield code="a">(NLR Aleph) 005184785</subfield>
  </datafield>
  <datafield tag="090" ind1=" " ind2=" ">
    <subfield code="a">5156686</subfield>
    <subfield code="c">5156686</subfield>
  </datafield>
  <datafield tag="100" ind1=" " ind2=" ">
    <subfield code="a">20090914d1813    |||y0rusy50      ca</subfield>
  </datafield>
  <datafield tag="101" ind1="0" ind2=" ">
    <subfield code="a">rus</subfield>
  </datafield>
  <datafield tag="102" ind1=" " ind2=" ">
    <subfield code="a">RU</subfield>
  </datafield>
  <datafield tag="105" ind1=" " ind2=" ">
    <subfield code="a">y z |||a|</subfield>
  </datafield>
  <datafield tag="135" ind1=" " ind2=" ">
    <subfield code="a">cogo 008apabr</subfield>
  </datafield>
  <datafield tag="200" ind1="1" ind2=" ">
    <subfield code="a">&#x41F;&#x435;&#x441;&#x43D;&#x44C; &#x440;&#x43E;&#x441;&#x441;&#x438;&#x439;&#x441;&#x43A;&#x438;&#x445; &#x432;&#x43E;&#x438;&#x43D;&#x43E;&#x432;</subfield>
  </datafield>
  <datafield tag="210" ind1=" " ind2=" ">
    <subfield code="a">&#x41C;&#x43E;&#x441;&#x43A;&#x432;&#x430;</subfield>
    <subfield code="c">&#x432; &#x413;&#x443;&#x431;&#x435;&#x440;&#x43D;&#x441;&#x43A;&#x43E;&#x439; &#x442;&#x438;&#x43F;&#x43E;&#x433;&#x440;&#x430;&#x444;&#x438;&#x438; &#x443; &#x410;. &#x420;&#x435;&#x448;&#x435;&#x442;&#x43D;&#x438;&#x43A;&#x43E;&#x432;&#x430;</subfield>
    <subfield code="d">1813</subfield>
  </datafield>
  <datafield tag="215" ind1=" " ind2=" ">
    <subfield code="a">[4] &#x441;.</subfield>
    <subfield code="d">4&#xB0; (27 &#x441;&#x43C;)</subfield>
  </datafield>
  <datafield tag="300" ind1=" " ind2=" ">
    <subfield code="a">&#x412; &#x43A;&#x43E;&#x43D;&#x446;&#x435; &#x442;&#x435;&#x43A;&#x441;&#x442;&#x430; &#x430;&#x432;&#x442;.: &#x41D;&#x438;&#x43A;&#x43E;&#x43B;&#x430;&#x439; &#x418;&#x432;&#x430;&#x43D;&#x447;&#x438;&#x43D;-&#x41F;&#x438;&#x441;&#x430;&#x440;&#x435;&#x432;</subfield>
  </datafield>
  <datafield tag="309" ind1=" " ind2=" ">
    <subfield code="a">&#x411;&#x435;&#x437; &#x442;&#x438;&#x442;. &#x43B;. &#x412;&#x44B;&#x445;. &#x434;&#x430;&#x43D;. &#x43D;&#x430; &#x441;. [4]</subfield>
  </datafield>
  <datafield tag="321" ind1="1" ind2=" ">
    <subfield code="a">&#x421;&#x41A; 1801-1825 2995</subfield>
  </datafield>
  <datafield tag="325" ind1=" " ind2=" ">
    <subfield code="a">&#x41A;&#x43E;&#x43F;&#x438;&#x44F; &#x434;&#x43E;&#x441;&#x442;&#x443;&#x43F;&#x43D;&#x430; &#x432; &#x42D;&#x43B;&#x435;&#x43A;&#x442;&#x440;&#x43E;&#x43D;. &#x431;-&#x43A;&#x435; &#x420;&#x41D;&#x411;</subfield>
  </datafield>
  <datafield tag="327" ind1="1" ind2=" ">
    <subfield code="a">&#x421;&#x43E;&#x434;&#x435;&#x440;&#x436;. &#x442;&#x430;&#x43A;&#x436;&#x435; &#x441;&#x442;&#x438;&#x445;&#x43E;&#x442;&#x432;&#x43E;&#x440;&#x435;&#x43D;&#x438;&#x44F;: &#x41D;&#x430; &#x438;&#x441;&#x442;&#x440;&#x435;&#x431;&#x43B;&#x435;&#x43D;&#x438;&#x435; &#x41D;&#x430;&#x43F;&#x43E;&#x43B;&#x435;&#x43E;&#x43D;&#x43E;&#x432;&#x44B;&#x445; &#x430;&#x440;&#x43C;&#x438;&#x439;</subfield>
    <subfield code="a">&#x41A; &#x43F;&#x43E;&#x440;&#x442;&#x440;&#x435;&#x442;&#x443; &#x441;&#x432;&#x435;&#x442;&#x43B;&#x435;&#x439;&#x448;&#x430;&#x433;&#x43E; &#x43A;&#x43D;&#x44F;&#x437;&#x44F; &#x41C;.&#x41B;. &#x413;&#x43E;&#x43B;&#x435;&#x43D;&#x438;&#x449;&#x435;&#x432;&#x430;-&#x41A;&#x443;&#x442;&#x443;&#x437;&#x43E;&#x432;&#x430;-&#x421;&#x43C;&#x43E;&#x43B;&#x435;&#x43D;&#x441;&#x43A;&#x430;&#x433;&#x43E;</subfield>
    <subfield code="a">&#x421;&#x432;&#x435;&#x442;&#x43B;&#x435;&#x439;&#x448;&#x435;&#x43C;&#x443; &#x43A;&#x43D;&#x44F;&#x437;&#x44E; &#x41C;.&#x41B;.&#x413;[&#x43E;&#x43B;&#x435;&#x43D;&#x438;&#x449;&#x435;&#x432;&#x443;].-&#x41A;[&#x443;&#x442;&#x443;&#x437;&#x43E;&#x432;&#x443;]</subfield>
  </datafield>
  <datafield tag="464" ind1=" " ind2="0">
    <subfield code="1">2001#$a&#x41D;&#x430; &#x438;&#x441;&#x442;&#x440;&#x435;&#x431;&#x43B;&#x435;&#x43D;&#x438;&#x435; &#x41D;&#x430;&#x43F;&#x43E;&#x43B;&#x435;&#x43E;&#x43D;&#x43E;&#x432;&#x44B;&#x445; &#x430;&#x440;&#x43C;&#x438;&#x439;$a&#x41A; &#x43F;&#x43E;&#x440;&#x442;&#x440;&#x435;&#x442;&#x443; &#x441;&#x432;&#x435;&#x442;&#x43B;&#x435;&#x439;&#x448;&#x430;&#x433;&#x43E; &#x43A;&#x43D;&#x44F;&#x437;&#x44F; &#x41C;.&#x41B;. &#x413;&#x43E;&#x43B;&#x435;&#x43D;&#x438;&#x449;&#x435;&#x432;&#x430;-&#x41A;&#x443;&#x442;&#x443;&#x437;&#x43E;&#x432;&#x430;-&#x421;&#x43C;&#x43E;&#x43B;&#x435;&#x43D;&#x441;&#x43A;&#x430;&#x433;&#x43E;$a&#x421;&#x432;&#x435;&#x442;&#x43B;&#x435;&#x439;&#x448;&#x435;&#x43C;&#x443; &#x43A;&#x43D;&#x44F;&#x437;&#x44E; &#x41C;.&#x41B;.&#x413;[&#x43E;&#x43B;&#x435;&#x43D;&#x438;&#x449;&#x435;&#x432;&#x443;].-&#x41A;[&#x443;&#x442;&#x443;&#x437;&#x43E;&#x432;&#x443;] -C[&#x43C;&#x43E;&#x43B;&#x435;&#x43D;&#x441;&#x43A;&#x43E;]&#x43C;&#x443;</subfield>
    <subfield code="1">702#1$3RU\NLR\AUTH\7712616$7ca$a&#x41A;&#x443;&#x442;&#x443;&#x437;&#x43E;&#x432;$b&#x41C;. &#x418;.$f1745-1813$g&#x41C;&#x438;&#x445;&#x430;&#x438;&#x43B; &#x418;&#x43B;&#x43B;&#x430;&#x440;&#x438;&#x43E;&#x43D;&#x43E;&#x432;&#x438;&#x447;</subfield>
    <subfield code="1">790#1$4280</subfield>
    <subfield code="t">&#x421;&#x432;&#x435;&#x442;&#x43B;&#x435;&#x439;&#x448;&#x435;&#x43C;&#x443; &#x43A;&#x43D;&#x44F;&#x437;&#x44E; &#x41C;.&#x41B;.&#x413;[&#x43E;&#x43B;&#x435;&#x43D;&#x438;&#x449;&#x435;&#x432;&#x443;].-&#x41A;[&#x443;&#x442;&#x443;&#x437;&#x43E;&#x432;&#x443;] -C[&#x43C;&#x43E;&#x43B;&#x435;&#x43D;&#x441;&#x43A;&#x43E;]&#x43C;&#x443;</subfield>
  </datafield>
  <datafield tag="700" ind1=" " ind2="1">
    <subfield code="9">z02790</subfield>
    <subfield code="a">&#x418;&#x432;&#x430;&#x43D;&#x447;&#x438;&#x43D;-&#x41F;&#x438;&#x441;&#x430;&#x440;&#x435;&#x432;</subfield>
    <subfield code="b">&#x41D;.&#x414;.</subfield>
    <subfield code="f">1795-1849</subfield>
    <subfield code="g">&#x41D;&#x438;&#x43A;&#x43E;&#x43B;&#x430;&#x439; &#x414;&#x43C;&#x438;&#x442;&#x440;&#x438;&#x435;&#x432;&#x438;&#x447;</subfield>
  </datafield>
  <datafield tag="790" ind1=" " ind2="1">
    <subfield code="9">z02700</subfield>
    <subfield code="a">&#x41F;&#x438;&#x441;&#x430;&#x440;&#x435;&#x432;</subfield>
    <subfield code="b">&#x41D;.&#x414;.</subfield>
    <subfield code="f">1795-1849</subfield>
    <subfield code="g">&#x41D;&#x438;&#x43A;&#x43E;&#x43B;&#x430;&#x439; &#x414;&#x43C;&#x438;&#x442;&#x440;&#x438;&#x435;&#x432;&#x438;&#x447;</subfield>
  </datafield>
  <datafield tag="801" ind1=" " ind2="0">
    <subfield code="a">RU</subfield>
    <subfield code="b">NLR</subfield>
    <subfield code="g">psbo</subfield>
  </datafield>
  <datafield tag="801" ind1=" " ind2="1">
    <subfield code="a">RU</subfield>
    <subfield code="b">ProSoft-M</subfield>
    <subfield code="2">rusmarc</subfield>
  </datafield>
  <datafield tag="801" ind1=" " ind2="2">
    <subfield code="a">RU</subfield>
    <subfield code="b">NLR</subfield>
    <subfield code="c">20150916</subfield>
    <subfield code="2">rusmarc</subfield>
  </datafield>
  <datafield tag="852" ind1=" " ind2=" ">
    <subfield code="a">NLR</subfield>
    <subfield code="j">18.153.2.59</subfield>
  </datafield>
  <datafield tag="942" ind1=" " ind2=" ">
    <subfield code="c">BOOK</subfield>
  </datafield>
  <datafield tag="980" ind1=" " ind2=" ">
    <subfield code="a">NB</subfield>
  </datafield>
  <datafield tag="981" ind1="3" ind2="6">
    <subfield code="a">(36) &#x426;&#x438;&#x444;&#x440;&#x43E;&#x432;&#x43E;&#x439; &#x440;&#x435;&#x43F;&#x43E;&#x437;&#x438;&#x442;&#x43E;&#x440;&#x438;&#x439; &#x420;&#x41D;&#x411;</subfield>
  </datafield>
  <datafield tag="981" ind1="2" ind2="0">
    <subfield code="a">(20) &#x41A;&#x43D;&#x438;&#x436;&#x43D;&#x44B;&#x435; &#x43F;&#x430;&#x43C;&#x44F;&#x442;&#x43D;&#x438;&#x43A;&#x438; &#x420;&#x41D;&#x411;</subfield>
    <subfield code="b">(20) &#x420;&#x443;&#x441;&#x441;&#x43A;&#x438;&#x439; &#x43A;&#x43D;&#x438;&#x436;&#x43D;&#x44B;&#x439; &#x444;&#x43E;&#x43D;&#x434;</subfield>
  </datafield>
  <datafield tag="981" ind1="2" ind2="9">
    <subfield code="a">(29) &#x420;&#x435;&#x434;&#x43A;&#x430;&#x44F; &#x43A;&#x43D;&#x438;&#x433;&#x430;</subfield>
  </datafield>
  <datafield tag="995" ind1=" " ind2=" ">
    <subfield code="5">2013-10-26</subfield>
    <subfield code="b">NLR02</subfield>
    <subfield code="c">NLR02</subfield>
    <subfield code="e">RFS</subfield>
    <subfield code="f">5184785-10</subfield>
    <subfield code="k">18.153.2.59</subfield>
    <subfield code="o">0</subfield>
    <subfield code="r">BOOK</subfield>
    <subfield code="s">18153259_</subfield>
  </datafield>
</record>
